{"text_format":"1","workbook":"xlsx","n_sheets":2,"sheets":["2","البحث"],"not_rendered":{"charts":0,"images":0,"macros":1,"external_links":0,"defined_names":3,"comments":0,"pivot_tables":0},"unopened":[],"bounds":{"document_bytes":16777216,"sheet_cells":100000,"rows_first":2000,"rows_last":500,"rows_between":2000,"halvings":0,"cell_chars":16384,"cell_head_chars":4096},"cells_cut":0,"cells_raw":0,"read":"whole","date_system":"1900"}

{"sheet":"2","index":0,"n_rows":71,"n_cols":6,"rows_kept":71,"cut":false,"hidden":false,"merged":[]}
["الرقم","التاريخ","الكمية","المادة","سعر الوحدة","المجموع"]
[1,"2010-01-01",5,"A",2,{"$f":"C2*E2","v":10}]
[2,"2010-01-02",15,"B",4,{"$f":"C3*E3","v":60}]
[3,"2010-01-03",25,"C",6,150]
[4,"2010-01-04",35,"D",8,280]
[5,"2010-01-05",45,"E",10,450]
[6,"2010-01-06",55,"F",12,660]
[7,"2010-01-07",65,"G",14,910]
[8,"2010-01-08",75,"H",16,1200]
[9,"2010-01-09",85,"I",18,1530]
[10,"2010-01-10",95,"G",20,1900]
[11,"2010-01-01",105,"A",22,2310]
[12,"2010-01-02",115,"B",24,2760]
[13,"2010-01-03",125,"C",26,3250]
[14,"2010-01-04",135,"D",28,3780]
[15,"2010-01-05",145,"E",30,4350]
[16,"2010-01-06",3,"F",32,96]
[17,"2010-01-07",5,"G",34,170]
[18,"0901/2010",7,"H",36,252]
[19,"2010-01-08",9,"I",38,342]
[20,"0901/2011",11,"G",40,440]
[21,"2010-01-09",13,"A",42,546]
[22,"0901/2012",15,"B",44,660]
[23,"2010-01-10",17,"C",46,782]
[24,"0901/2013",19,"D",48,912]
[25,"2010-01-11",21,"E",50,1050]
[26,"0901/2014",23,"F",52,1196]
[27,"2010-01-12",25,"G",54,1350]
[28,"0901/2015",27,"H",56,1512]
[29,"2010-01-13",29,"I",58,1682]
[30,"0901/2016",31,"G",60,1860]
[31,"2010-01-14",33,"A",62,2046]
[32,"0901/2017",35,"B",64,2240]
[33,"2010-01-15",37,"C",66,2442]
[34,"0901/2018",39,"D",68,2652]
[35,"2010-01-16",41,"E",70,2870]
[36,"0901/2019",43,"F",72,3096]
[37,"2010-01-17",45,"G",74,3330]
[38,"0901/2020",47,"H",76,3572]
[39,"2010-01-18",49,"I",78,3822]
[40,"0901/2021",51,"G",80,4080]
[41,"2010-01-19",53,"A",82,4346]
[42,"0901/2022",55,"B",84,4620]
[43,"2010-01-20",57,"C",86,4902]
[44,"0901/2023",59,"D",88,5192]
[45,"2010-01-21",61,"E",90,5490]
[46,"0901/2024",63,"F",92,5796]
[47,"2010-01-22",65,"G",94,6110]
[48,"0901/2025",67,"H",96,6432]
[49,"2010-01-23",69,"I",98,6762]
[50,"0901/2026",71,"G",100,7100]
[51,"2010-01-24",73,"A",102,7446]
[52,"0901/2027",75,"B",104,7800]
[53,"2010-01-25",77,"C",106,8162]
[54,"0901/2028",79,"D",108,8532]
[55,"2010-01-26",81,"E",110,8910]
[56,"0901/2029",83,"F",112,9296]
[57,"2010-01-27",85,"G",114,9690]
[58,"0901/2030",87,"H",116,10092]
[59,"2010-01-28",89,"I",118,10502]
[60,"0901/2031",91,"G",120,10920]
[61,"2010-01-29",93,"A",122,11346]
[62,"0901/2032",95,"B",124,11780]
[63,"2010-01-30",97,"C",126,12222]
[64,"0901/2033",99,"D",128,12672]
[65,"2010-01-31",101,"E",130,13130]
[66,"0901/2034",103,"F",132,{"$f":"C67*E67","v":13596}]
[67,"2010-02-01",105,"G",134,14070]
[68,"0901/2035",107,"H",136,14552]
[69,"2010-02-02",109,"I",138,15042]
[null,null,null,null,"المجموع",{"$f":"SUM(F2:F70)","v":333110}]

{"sheet":"البحث","index":1,"n_rows":20,"n_cols":12,"rows_kept":20,"cut":false,"hidden":false,"merged":[]}
[]
["من تاريخ","2010-01-01",null,null,null,null,null,null,null,null,"التاريخ","التاريخ"]
["الى تاريخ","2010-01-04",null,null,null,null,null,null,null,null,{"$f":"IF(ISNUMBER($B$2),CONCATENATE(\">=\",$B$2),\"\")","v":">=40179"},{"$f":"IF(ISNUMBER($B$3),CONCATENATE(\"<=\",$B$3),IF(ISNUMBER($B$2),CONCATENATE(\"<=\",$B$2),\"\"))","v":"<=40182"}]
[]
["الرقم","التاريخ","الكمية","المادة","سعر الوحدة","المجموع","المجموع العام"]
[1,"2010-01-01",5,"A",2,10,{"$f":"F6","v":10}]
[2,"2010-01-02",15,"B",4,60,{"$f":"SUM($F$6:F7)","v":70}]
[3,"2010-01-03",25,"C",6,150,{"$f":"SUM($F$6:F8)","v":220}]
[4,"2010-01-04",35,"D",8,280,{"$f":"SUM($F$6:F9)","v":500}]
[11,"2010-01-01",105,"E",22,2310,{"$f":"SUM($F$6:F10)","v":2810}]
[12,"2010-01-02",115,"F",24,2760,{"$f":"SUM($F$6:F11)","v":5570}]
[13,"2010-01-03",125,"G",26,3250,{"$f":"SUM($F$6:F12)","v":8820}]
[14,"2010-01-04",135,"H",28,3780,{"$f":"SUM($F$6:F13)","v":12600}]
[null,null,null,null,null,null,{"$f":"SUM(G6:G13)","v":30600},{"$f":"SUM(G6:G13)","v":30600}]
[]
[]
[]
[]
[]
[null,null,null,null,null,null,null,"أو هنا","المجموع هنا "]